000 01156nam a22003857a 4500
001 0002376
003 KOHA_MİRAKIL
005 20260207001312.0
007 ta
008 090226b2001 tu |||gr||||#||||0|tur |
020 _a9755641114
_cTL0,01
040 _aTR-BiSEU
_btur
_cTR-BiSEU
_erda
041 0 _atur
044 _ctu
050 _aTJ213
_b.Y85 2001
100 1 _aYüksel, İbrahim.
245 1 _aOtomatik kontrol :
_bsistem dinamiği ve denetim sistemleri/
_cİbrahim Yüksel ; İbrahim Yüksel.
250 _a4. baskı
264 1 _aBursa :
_bUludağ Üniversitesi
_c2001
300 _a357 sayfa: resimli
336 _ametin
_btxt
_2rdacontent
337 _aaracısız
_bn
_2rdamedia
338 _acilt
_bnc
_2rdacarrier
490 1 _aUludağ Üniversitesi Güçlendirme Vakfı yayın ;
_vno.
490 1 _a171.
490 1 _aVipaş A.Ş.
490 1 _ayayın;
500 _aKaynakça ve dizin var.
650 0 _aOtomatik kontrol.
_91802
830 1 _aUludağ Üniversitesi Güçlendirme Vakfı yayın ;
_vno.
_92959
830 1 _a171.
_95542
830 1 _aVipaş A.Ş.
_95543
830 1 _ayayın;
_95544
942 _2lcc
_cBK
999 _c2363
_d2363